| 000 | 00724nam a2200181 a 4500 | ||
|---|---|---|---|
| 001 | 5464 | ||
| 003 | CDMR | ||
| 005 | 20131018162918.0 | ||
| 008 | 130130s1929||||||||||||||||||||||||||||d | ||
| 040 |
_aCDMR _bcat _cCDMR |
||
| 245 | 0 |
_aPrensa Iberoamericana _b: índice de las publicaciones periódicas antiguas y modernas, editadas en lenguas ibéricas, que figuran en el Pabellón de Prensa Iberoamericana de la Exposición de Sevilla |
|
| 260 |
_aMadrid _c1929 _bOficina de Información y Prensa de la Secretaría General de Asuntos Externos |
||
| 650 | 0 | 4 |
_93505 _aPremsa _zAmèrica Llatina |
| 650 | 0 | 4 |
_94131 _aPublicacions en sèrie |
| 650 | 0 | 4 |
_94083 _aPremsa _vBibliografia |
| 650 | 0 | 4 |
_92742 _aPremsa _zEspanya |
| 942 |
_cMON _2udc |
||
| 999 |
_c5464 _d5464 |
||